Eastern Utah Libraries Catalog: Duchesne, Heber, Roosevelt, & Vernal

Pirate adventure / (Record no. 415124)

MARC details
000 -LEADER
fixed length control field 01151nam a2200301 i 4500
001 - CONTROL NUMBER
control field z701772446
005 - DATE AND TIME OF LATEST TRANSACTION
control field 20260112181641.0
008 - FIXED-LENGTH DATA ELEMENTS--GENERAL INFORMATION
fixed length control field 230823s2023 caua 000 1 eng
020 ## - INTERNATIONAL STANDARD BOOK NUMBER
International Standard Book Number 9781536480740
Qualifying information (Prebound)
040 ## - CATALOGING SOURCE
Description conventions rda
Transcribing agency IlBcCP
Language of cataloging eng
082 14 - DEWEY DECIMAL CLASSIFICATION NUMBER
Classification number [E]
Edition number 23
092 ## - LOCALLY ASSIGNED DEWEY CALL NUMBER (OCLC)
Classification number children leveled
Item number Disney
100 ## - MAIN ENTRY--PERSONAL NAME
Personal name Disney
9 (RLIN) 5802415
245 00 - TITLE STATEMENT
Title Pirate adventure /
Statement of responsibility, etc Disney
264 #1 - Production, Publication, Distribution, Manufacture, and Copyright Notice.
Place of production, publication, distribution, manufacture Burbank, CA :
Name of producer, publisher, distributor, manufacturer Disney Press,
Date of production, publication, distribution, manufacture, or copyr 2023.
300 ## - PHYSICAL DESCRIPTION
Extent 32 pages :
Other physical details color illustrations ;
Dimensions 23 cm.
336 ## - Content Type
Content type term text
337 ## - Media type
Media type term unmediated
338 ## - Carrier type
Carrier type term volume
490 1# - SERIES STATEMENT
Series statement World of reading Level Pre-1.
520 ## - SUMMARY, ETC.
Summary, etc But when Mickey and the gang arrive on Pirate Beach, they are not alone. The weasels want to treasure hunt, too! Who will find the coveted treasure chest first?
521 2# - TARGET AUDIENCE NOTE
Target audience note PK1
Source Childrens Plus, Incorporated.
650 #0 - SUBJECT ADDED ENTRY--TOPICAL TERM
Topical term or geographic name as entry element Mickey Mouse (Fictitious character)
Form subdivision Juvenile fiction.
9 (RLIN) 5737986
650 #0 - SUBJECT ADDED ENTRY--TOPICAL TERM
Topical term or geographic name as entry element Pirates
Form subdivision Juvenile fiction.
9 (RLIN) 5675416
655 #7 - INDEX TERM--GENRE/FORM
Genre/form data or focus term Readers (Elementary)
Source of term lcgft.
9 (RLIN) 5689443
830 #0 - SERIES ADDED ENTRY--UNIFORM TITLE
Uniform title World of reading.
Number of part/section of a work Level Pre-1.
9 (RLIN) 5688603
942 ## - ADDED ENTRY ELEMENTS (KOHA)
Source of classification or shelving scheme Dewey Decimal Classification
Koha item type BOOK
Holdings
Withdrawn status Lost status Source of classification or shelving scheme Damaged status Not for loan Collection code Home library Current library Shelving location Date acquired Source of acquisition Total Checkouts Total Renewals Full call number Barcode Checked out Date last seen Date checked out Cost, replacement price Price effective from Koha item type
    Dewey Decimal Classification     Children Leveled Wasatch County Library Wasatch County Library Main Floor Childrens Area 01/12/2026 Libraria 2 3 E Disney 34301002176768 05/05/2026 03/09/2026 03/09/2026 13.95 01/12/2026 BOOK
This project was made possible through a grant from the Institute of Museum and Library Service administered by the Utah State Library Division.

Wasatch County Library

  • 465 East 1200 South, Heber City, Utah 84032
  • Phone 435-654-1511 | Fax 435-654-6456

Hours

  • Monday - Friday 9:30 AM - 8:00 PM
  • Saturday 9:30 AM - 1:30 PM
  • Closed Sundays and Holidays